| 000 | 00571nam a2200193Ia 4500 | ||
|---|---|---|---|
| 003 | GCL | ||
| 008 | 140319s9999 xx 000 0 ara d | ||
| 040 |
_aGCL / _cGCL |
||
| 082 | 0 | 4 |
_a614.7 _bا ت |
| 100 | 1 | _aاحمد عباده سرحان | |
| 245 | 1 | 0 |
_aتلوث الهواء ط 1 / _cاحمد عباده سرحان |
| 700 | 1 | _aاحمد عبدالوهاب عبدالجواد | |
| 260 |
_a[S.N] : _bالدار العربية ، _c1991 |
||
| 300 | _a205 ص | ||
| 490 | _a | ||
| 650 | 0 | 4 | _aتلوث البيئة |
| 650 | 0 | 4 | _aتلوث الهواء |
| 942 |
_2ddc _cBK |
||
| 999 |
_c53654 _d53654 |
||